• 首页
  • 本馆介绍
  • 公告通知
  • 最新文献
  • 馆藏检索
  • 电子资源
  • 读者导购
  • 参考咨询
  • 我的图书馆
  • 登录
  • 详细信息显示
  • 放入我的书架
  • 预约/预借图书
  • 作者相关作品
  • 分类相关作品
  • 丛书相关作品
  • 出版社相关作品

书目信息

  • 表格格式
  • 工作单格式
  • 卡片格式
题名:
类书简说
    
 
作者: 刘叶秋 著
分册:  
出版信息: 上海   上海古籍出版社  1980
页数: 70页
开本: 19cm
丛书名: 中国古典文学基本知识丛书
单 册:
中图分类: Z22 , G252.7 , I207
科图分类:
主题词: 百科全书--简介--中国 , 文学--中国
电子资源:
ISBN:
000 00723oam2 2200277 450
001 1574776635
005 20150123204709.45
010    @dCNY0.22
091    @a10186.114
100    @a19950705d1980 em y0chiy0110 ea
101 0  @achi
102    @aCN@b310000
105    @af z 000yy
200 1  @a类书简说@9lei shu jian shuo@f刘叶秋著
210    @a上海@c上海古籍出版社@d1980
215    @a70页@c照片@d19cm
225 2  @a中国古典文学基本知识丛书
461  0 @12001 @a中国古典文学基本知识丛书
606 0  @a百科全书@x简介@y中国
606 0  @a文学@x中国
690    @aZ22@v5
690    @aG252.7@v5
690    @aI207@v4
701  0 @a刘叶秋@9liu ye qiu@4著
801  0 @aCN@bTSSF@c20150123
905    @aZUCC@dI207@eJY143
    
    类书简说/刘叶秋著.-上海:上海古籍出版社,1980
    70页:照片;19cm.-(中国古典文学基本知识丛书)
    
    
    ISBN :CNY0.22
    
●
相关链接 在E读中查询图书 在五车中查询图书 在当当中查询图书 在豆瓣中查询图书


正题名:类书简说     索取号:I207/JY143         预约/预借

序号 登录号 条形码 馆藏地/架位号 状态 备注
1 7843519   278435196   学院路分馆/ [索取号:I207/JY143] 在馆    
2 7843520   278435203   学院路分馆/ [索取号:I207/JY143] 在馆    
唐山师范学院图书馆 欢迎您!
大连网信软件有限公司© 版权所有